Gaming Quiz

Random Gaming or Video Games Quiz

'L' Video Games Quiz Stats

 Plays Quiz not verified by Sporcle

Challenge
Share
Tweet
Score 0/19 Timer 08:00
0 Plays Today
% Correct
The Legend of Zelda: The Wind Waker
95.2%
The Last of Us
89.2%
Littlebigplanet
74.7%
League of Legends
74.2%
Lollipop Chainsaw
72.6%
Limbo
72%
L.A. Noire
71%
Lemmings
68.8%
Left 4 Dead
63.4%
The Lord of the Rings: The Return of the King
62.9%
% Correct
Link's Crossbow Training
51.6%
Lost Planet III
42.5%
LocoRoco
28.5%
Legend of Mana
22%
Lost Kingdoms II
5.9%
Lux Pain
4.8%
Lineage 2
4.8%
Lost in Blue
4.8%
Lethal Skies II
2.2%

You're not logged in!

Compare scores with friends on all Sporcle quizzes.
OR
Log In

You Might Also Like...

Show Comments

Extras

Top Quizzes Today


Score Distribution

Your Account Isn't Verified!

In order to create a playlist on Sporcle, you need to verify the email address you used during registration. Go to your Sporcle Settings to finish the process.

Report this User

Report this user for behavior that violates our Community Guidelines.

Details: